La atribución fiscalizadora exclusiva de la Cámara de Diputados y las facultades de los señores diputados para solicitar información y formular opiniones

Guardat en:
Dades bibliogràfiques
Autor corporatiu: Camara de Diputados de Chile (Autor)
Format: Llibre
Idioma:espanyol
Publicat: Santiago Camara de Diputados de Chile 1998
Matèries:
Etiquetes: Afegir etiqueta
Sense etiquetes, Sigues el primer a etiquetar aquest registre!

MARC

LEADER 00000nam a2200000 a 4500
001 UCQ2669
003 CL-VaPUC
008 980724e19980000CL |||||||||||||||||spa|d
082 0 4 |a 328.345  |b CAM  |2 21 
110 2 |a Camara de Diputados de Chile  |e author  |9 416704 
245 1 3 |a La atribución fiscalizadora exclusiva de la Cámara de Diputados y las facultades de los señores diputados para solicitar información y formular opiniones 
300 |a 51 p 
942 |c BK 
945 |d 19980724 00:00:00  |a mvenant 
260 |a Santiago  |b Camara de Diputados de Chile  |c 1998 
650 7 |a CAMARA DE DIPUTADOS  |2 CL-VaPUC  |9 389894 
650 0 |a Constitución política  |9 336925 
650 7 |a FISCALIZACION PARLAMENTARIA  |2 CL-VaPUC  |9 416705 
650 7 |a PARLAMENTARIOS  |2 CL-VaPUC  |9 338461 
650 0 |a Funciones   |9 263869 
651 7 |a CHILE  |2 CL-VaPUC  |9 416706 
583 |a last modification  |c 19980724 00:00:00  |k Rodrigo Vera 
999 |c 273454  |d 273452 
952 |0 0  |1 0  |4 0  |6 328_345000000000000_CAM_1998  |7 0  |8 A  |9 309024  |a BIBDER  |b BIBDER  |d 2019-11-20  |i 3447707  |o 328.345 CAM 1998  |p 3447707  |r 2023-01-25  |w 2019-11-20  |y BK  |k DER